Statistics for Biggest Cities on the Mississippi River

Click here to take the quiz!

General Stats

  • This quiz has been taken 19 times
  • The average score is 6 of 10

Answer Stats

PopulationAnswer% Correct
899,703New Orleans
100%
2,150,706St. Louis
100%
1,060,061Memphis
95%
2,650,890Minneapolis
95%
594,309Baton Rouge
79%
280,051Davenport
58%
67,818Dubuque
37%
100,868La Crosse
32%
83,890Alton
11%
110,621St. Cloud
5%

Score Distribution

Percentile by Number Answered

Percent of People with Each Score

Your Score History

You have not taken this quiz